| 000 | 00968nam a22002417a 4500 | ||
|---|---|---|---|
| 999 |
_c20369 _d20369 |
||
| 003 | AR-CdUCM | ||
| 008 | 190529b ||||| |||| 00| 0 spa d | ||
| 040 |
_aMUNICIPALIDAD PROVINCIAL DEL CUSCO _cBIBLIOTECA MUNICIPAL DEL CUSCO |
||
| 041 | _heng | ||
| 082 |
_a615.6 / _bS59 |
||
| 100 |
_aSkelley, Esther G. _942600 |
||
| 110 |
_aCentro Regional de Ayuda Técnica- Agencia para el Desarrollo Internacional (A.I.D.) _922328 |
||
| 245 | _aManual de medicación para la enfermera / | ||
| 260 |
_aBuenos Aires : _bSebastián de amorrortu, _c1972. |
||
| 300 |
_a239 páginas ; _bIlustraciones a b/c, _c26 cm. |
||
| 505 | _aContenido: Repaso de la matemática básica -- Aritmética aplicada a las soluciones y dosificaciones -- Administración de medicamentos... | ||
| 650 |
_aEnfermería _921000 |
||
| 650 |
_aMedicamentos _925678 |
||
| 650 |
_aTerapias _942601 |
||
| 700 |
_aChambi, Lidia y Pirk, Andres (traducción) _942602 |
||
| 942 |
_2ddc _cLIBROS |
||
| 945 | _aAndy | ||